000 00372nam a2200145Ia 4500
008 100415s9999 xx 000 0 und d
082 _b7512
_a914.28
100 _aGrifin AH
245 _aInside the Real Lakeland
260 _aPRESTON
_c1961
_bTHE GUARDIAN
365 _b0
630 _aInside the Real Lakeland
730 _aInside the Real Lakeland
942 _cBOOK
999 _c590465
_d590462